000
00284nam a22001337a 4500
003
SGT
082
_a
615.53
_b
K17S
100
_a
SHARMA , AJAY KUMAR
245
_a
KAYACHIKITSHA
260
_a
DELHI
_b
CHAUKHAMBHA PUB
_c
2017
300
_a
949
650
_a
AYURVEDA
942
_2
ddc
_c
BK
_0
45
999
_c
11513
_d
11513